Countries Whose Capital Is Farthest From Their Center - Statistics

General Stats
  • This quiz has been taken 26 times
  • The average score is 15 of 20
Answer Stats
Distance Answer % Correct
1512 Canada
100%
720 China
100%
446 DR Congo
100%
2353 Russia
100%
1022 United States
100%
607 Algeria
96%
391 Argentina
96%
1145 Australia
96%
568 India
96%
512 Libya
92%
364 Mexico
92%
487 Niger
84%
615 Indonesia
80%
432 Mali
72%
507 Vietnam
60%
385 Mauritania
56%
538 Mozambique
48%
1303 Kiribati
28%
522 Micronesia
20%
561 South Sudan
20%
No matching quizzes found
Score Distribution
Percent of People with Each Score
Percentile by Number Answered
Your Score History
You have not taken this quiz